00850 a2200229 450000500170000000800410001701000140005802000230007203500130009503700180010808200110012610000160013724500760015325000120022926000350024127001090027630000320038570000180041794200440043599900150047995201260049420080828142432.0080828t xxu||||| |||| 00| 0 eng d aENG-87371 a818632190Xc200.00 aEN-70904 bD.B.Act / Pub a621.38 aJain, K. C. aElectrical and electronics engineeringcby K. C. Jain, and S. L. Surana a2nd ed. aNew DelhibJain Brothersc2006 a16/873, East Park Road, Karol BaghbNew Delhie110005k011-23618426, 011-23619023mjain_bros@hotmail.com axviii, 450 p.c24 cm. (Pbk) aSurana, S. L. adplcENk621.38 / JAI2ddch621.38mJAI c6367d6367 00104070aDBADbDBADd2008-08-28g200.00l0o621.38 JAIpEN-70904r2008-09-15 00:00:00t1u6856v200.00w2008-09-15yEN